[Event "Gulf Coast op"]
[Site "Estero"]
[Date "2023.10.15"]
[Round "5"]
[White "Lopez, Aldo F"]
[Black "Tej,  Sai Sattaru"]
[Result "1/2-1/2"]
[WhiteElo "2050"]
[BlackElo "2001"]
[PlyCount "118"]
[EventDate "2023.10.13"]
[EventType "swiss"]
[EventRounds "5"]
[EventCountry "USA"]
[SourceTitle "Mega2024 Update 01"]
[Source "Chessbase"]
[SourceDate "2023.11.12"]
[SourceVersion "1"]
[SourceVersionDate "2023.11.12"]
[SourceQuality "1"]

1. e4 e5 2. Nf3 Nc6 3. Bb5 Nf6 4. Qe2 Bd6 5. c3 0-0 6. 0-0 Re8 7. d3 h6 8. Nbd2 Bf8 9. Rd1 d6 10. Nf1 Bd7 11. Ng3 a6 12. Ba4 g6 13. Bc2 Bg7 14. b4 Qb8 15. Bd2 b5 16. a4 Qb6 17. Be3 Qb7 18. h3 Be6 19. Qd2 Kh7 20. d4 Bc4 21. a5 Rad8 22. Qe1 exd4 23. cxd4 Nb8 24. Nd2 Be6 25. Rac1 Re7 26. f4 Rde8 27. Qf2 Bd7 28. Re1 Bc6 29. e5 Nd5 30. f5 dxe5 31. fxg6+ Kg8 32. Nf5 fxg6 33. Nxe7+ Nxe7 34. Bb3+ Bd5 35. dxe5 Nbc6 36. Bf4 Nxb4 37. Qe3 Bxb3 38. Qxb3+ Nbd5 39. Ne4 Kh7 40. Bh2 Rf8 41. Nf6+ Kh8 42. Kh1 c6 43. Nxd5 Nxd5 44. Qc2 Ne7 45. e6 Rd8 46. Red1 Qc8 47. Rxd8+ Qxd8 48. Rd1 Qg8 49. Qe4 Bf6 50. Rd7 Qf8 51. Bd6 Bg5 52. Kg1 Qe8 53. Qd4+ Kg8 54. Rb7 Nf5 55. Qe5 Be3+ 56. Kf1 Bd4 57. Qf4 Qxe6 58. Rb8+ Kh7 59. Rb7+ Kg8 1/2-1/2